Microelectronic circuits (Record no. 4997)

MARC details
000 -LEADER
fixed length control field 00722 a2200205 4500
020 ## - INTERNATIONAL STANDARD BOOK NUMBER
International Standard Book Number 0195686241
Terms of availability 425.00
035 ## - SYSTEM CONTROL NUMBER
System control number B-211486
037 ## - SOURCE OF ACQUISITION
Source of stock number/acquisition RP-L-252 / UBH-07-08:6 / RP-07-08:ENG
082 14 - DEWEY DECIMAL CLASSIFICATION NUMBER
Classification number 621.3815
090 ## - LOCALLY ASSIGNED LC-TYPE CALL NUMBER (OCLC); LOCAL CALL NUMBER (OCLC)
-- 5094
-- 5094
100 1# - MAIN ENTRY--PERSONAL NAME
Personal name Sedra, Adel S.
245 1# - TITLE STATEMENT
Title Microelectronic circuits
Statement of responsibility, etc by Adel S. Sedra (and) Kenneth C. Smith
250 ## - EDITION STATEMENT
Edition statement 5th ed
260 ## - PUBLICATION, DISTRIBUTION, ETC. (IMPRINT)
Place of publication, distribution, etc New Delhi
Name of publisher, distributor, etc Oxford University Press
Date of publication, distribution, etc 2006
270 ## - ADDRESS
Address YMCA Library Building, Jai Singh Road,
City New Delhi
State or province Delhi
Postal code 110001
300 ## - PHYSICAL DESCRIPTION
Extent Various pagings
Dimensions 24 cm (pbk)
Accompanying material 1 CD-ROM
700 ## - ADDED ENTRY--PERSONAL NAME
Personal name Smith, Kenneth C.
942 ## - ADDED ENTRY ELEMENTS (KOHA)
Institution code [OBSOLETE] dpl
Koha item type English Books
Call number prefix 621.3815 / SED
Holdings
Withdrawn status Lost status Source of classification or shelving scheme Damaged status Not for loan Collection code Home library Current library Cost, normal purchase price Total Checkouts Total Renewals Full call number Barcode Date last seen Date checked out Copy number Uniform Resource Identifier Cost, replacement price Price effective from Koha item type
    Dewey Decimal Classification     Non-fiction Central Library Central Library 425.00 3 6 621.3815 SED B-211486 28/05/2022 07/05/2022 1 5298 425.00 15/09/2008 English Books

© Delhi Public Library
Hit Counter
free hit counter